Ленин и армия. Из воспоминаний современников
| Tóm tắt: | Исключено из фонда НТБ ТПУ |
|---|---|
| Ngôn ngữ: | Tiếng Nga |
| Được phát hành: |
Москва, Патриот, 1990
|
| Định dạng: | MixedMaterials Sách |
| KOHA link: | https://koha.lib.tpu.ru/cgi-bin/koha/opac-detail.pl?biblionumber=245773 |
MARC
| LEADER | 00000nam0a2200000 4500 | ||
|---|---|---|---|
| 001 | 245773 | ||
| 005 | 20231031211238.0 | ||
| 010 | |a 5703004667 | ||
| 035 | |a (RuTPU)RU\TPU\book\267199 | ||
| 090 | |a 245773 | ||
| 100 | |a 20131116d1990 m y0rusy50 ca | ||
| 101 | 0 | |a rus | |
| 102 | |a RU | ||
| 105 | |a y z 000zb | ||
| 200 | 1 | |a Ленин и армия. Из воспоминаний современников | |
| 210 | |a Москва |c Патриот |d 1990 | ||
| 215 | |a 215 с. | ||
| 333 | |a Исключено из фонда НТБ ТПУ | ||
| 801 | 1 | |a RU |b 63413507 |c 20131116 | |
| 801 | 2 | |a RU |b 63413507 |c 20170201 |g RCR | |
| 942 | |c BK | ||